Представление документа в формате RUSMARC

ПолеНазваниеЗначение
  Тип записи a
  Библиографический уровень m
001 Контрольный номер RuMoRGB-004094162
005 Дата корректировки 20220118132403.9
010 Индекс ISBN __
a ISBN 978-5-9717-0655-7
d Цена 1-00
021 № государственной регистрации __
a Код страны RU
b № документа 08-57471
100 Данные общей обработки __
a Данные общей обработки 20080910d2008 u y|rus|0189 ||
101 Язык документа 0_
a Язык текста rus
102 Страна публикации __
a Страна публикации ru
105 Кодированные данные (монография) __
a Кодированные данные (монография) y zzzz000|y
200 Заглавие и сведения об ответственности 1_
a Заглавие Рецепты здоровья на каждый день
f Первые сведения об ответственности Геннадий Малахов
210 Выходные данные 1_
a Место издания Санкт-Петербург
c Издательство Крылов
d Дата издания 2009
215 Физическое описание __
a Объем 189 с.
225 Серия (Журнальная рубрика) 2_
a Серия (Журнальная рубрика) Библиотека здоровья Геннадия Малахова
330 Аннотация __
a Аннотация Календарь с рецептами от классика отечественного оздоровления Геннадия Петровича Малахова. Используя в течение года предложенные им правила очищения и полезного питания, рекомендации по проведению голоданий, закаливающих процедур, советы и проверенные рецепты, в которых используются только натуральные компоненты, законы положительного мышления, вы сможете стать здоровым человеком, укрепить организм, избавиться от болезней и прожить долгую полноценную жизнь.
606 Тематические рубрики __
a Основная рубрика Здравоохранение. Медицинские науки
606 Тематические рубрики __
a Основная рубрика Народная медицина и отдельные системы лечения
610 Ключевые слова 0_
a Ключевые слова здоровый образ жизни
a Ключевые слова очищение организма
a Ключевые слова полезное питание
a Ключевые слова закаливание организма
a Ключевые слова оздоровление организма
a Ключевые слова правильное питание
a Ключевые слова лечебное голодание
686 Индексы других классификаций __
a Индекс ББК 53.59
700 Автор _1
a Фамилия Малахов
b Имя Г. П.
g Полное личное имя Геннадий Петрович
801 Источник записи _0
a Страна RU
b Организация RuMoRKP
c Дата составления 20080910
g Правила каталогизации RCR
801 Источник записи _2
a Страна RU
b Организация РГБ
c Дата составления 20080925
g Правила каталогизации rcr
801 Источник записи _1
a Страна RU
b Организация RuMoRKP
c Дата составления 20080910
2 Код формата rusmarc
801 Источник записи _1
a Страна ru
b Организация Центральная районная библиотека им. Г. А. Пирожникова
852 Данные о местонахождении __
j Шифр хранения 53.59
i Авторский знак М 181
901 Тип документа __
t Тип документа m
902 Роль лиц __
b Редактор БЗ ОКиО/Шумских